Statistics for Asian Cities on the Map

Click here to take the quiz!

General Stats

  • This quiz has been taken 470 times
  • The average score is 27 of 34

Answer Stats

Cities % Correct
Tokyo
97%
Jakarta
96%
Istanbul
96%
Mumbai
94%
Bangkok
93%
Baghdad
93%
Dubai
93%
Pyongyang
93%
Shanghai
93%
Kabul
92%
Kuala Lumpur
91%
Kathmandu
90%
Kolkata
89%
Amman
88%
Baku
88%
Ho Chi Minh City
88%
Karachi
88%
Colombo
87%
Muscat
85%
Guangzhou
83%
Lahore
81%
Aleppo
76%
Busan
75%
Bengaluru
75%
Sapporo
73%
Jeddah
73%
Yangon
72%
Almaty
70%
Chengdu
55%
Cebu
49%
Harbin
48%
Surabaya
47%
Fukuoka
34%
Haikou
17%

Score Distribution

Percentile by Number Answered

Percent of People with Each Score

Your Score History

You have not taken this quiz